000
00315nmm a2200145 a 4500
003
AR-BaBNM
005
20251128203146.0
008
103119s1909 ||||||||||||||000 | spa||
040
_c
AR-BaBNM
100
1
_a
Olivera, Carlos
245
1
0
_a
Medallas
260
_a
[S.l.]
_b
Sesé
_c
1909
942
_c
BK
998
_c
Giles
999
_c
2170
_d
2170